000 00587nam a22001937a 4500
005 20171012115808.0
010 _aENG-120850
020 _c65.00
_a9788182569201
035 _aEN-104382
037 _bDBAD/PUB
082 _a250
100 _aUpadhyaya, K. N.
245 _aBuddhism path to nirvana /
_cby K. N. Upadhyaya
260 _aPunjab
_bRadha Soami Satsang Beas
_c2010
270 _aDera Baba Jaimal Singh
_bPunjab
_e143204
300 _axviii,386p.
_c23 Cm.(pbk)
500 _aIncludes Bibliographical Reference and Index
942 _2ddc
_cEN
_h250
_kUPA
999 _c146515
_d146515